| 000 | 01087nam a2200289 a 4500 | ||
|---|---|---|---|
| 001 | BRL_1753 | ||
| 005 | 20190320211344.0 | ||
| 008 | 270715s1979----mx-a######---#000-0#spa-# | ||
| 041 | _aspa | ||
| 044 | _amx | ||
| 050 | 4 |
_aF1221.T9 _b.S56 1979 |
|
| 245 | 1 | 0 |
_aSlo´il Jchi´iltaktik = En sus propias palabras _bcuatro vidas tzotziles _cuna compilación de John Burnstein, Amber Past y Robert Wasserstrom. |
| 260 |
_aMéxico _bCentro Antropológico de Documentación de América Latina ; Fray Bartolomé de las Casas _c1979 |
||
| 300 |
_a217 p. _bil. _c22 cm. |
||
| 500 | _aAu2001 | ||
| 500 | _aIncluye dedicatoria a Ruth Lechuga | ||
| 546 | _aTexto en : español y tzotzil | ||
| 650 | 1 | 4 |
_aTzotziles _xVida social y costumbres _923102 |
| 650 | 1 | 4 |
_aTzotziles _xCondiciones económicas _927792 |
| 650 | 1 | 4 |
_aTzotziles _xCondiciones sociales _925581 |
| 700 | 1 |
_aBurnstein, John _ecomp. _927793 |
|
| 700 | 1 |
_aPast, Amber _ecomp. _927794 |
|
| 700 | 1 |
_aWasserstrom, Robert _ecomp. _927795 |
|
| 740 | 0 | _aEn sus propias palabras : cuatro vidas tzotziles | |
| 902 | _aGRL | ||
| 942 |
_2lcc _cB |
||
| 999 |
_c10561 _d10561 |
||